000 01144cam a22002771i 4500
003 SA-RiAUC
005 20251001125724.0
008 250727s2002 mr g b i000 0 ara c
040 _aSA-JeALM
_bara
_cSA-RiAUC
_erda
041 0 _aara
_aeng
_afre
082 0 4 _a189.19
_qSA-RiAUC
090 _a189.19
_bت و ي
100 1 _aالتويجري، عبد العزيز بن عثمان،
_d1369 هجري-
_eمؤلف.
245 1 0 _aمفهوم التنوير في التصور الإسلامي /
_cعبد العزيز بن عثمان التويجري.
264 1 _aالرباط :
_bالإيسيسكو،
_c2002
300 _a[متعدد الترقيم] ؛
_c20 سم
336 _aنص
_btxt
_2rdacontent
_3كتاب
337 _aبدون وسيط
_bn
_2rdamedia
338 _aمجلد
_bnc
_2rdacarrier
504 _aيشتمل على إرجاعات ببليوجرافية.
546 _aالنص باللغات العربية والإنجليزية والفرنسية.
650 7 _aالفلسفة الإسلامية
_2aucsh
650 7 _aالفلسفة الحديثة
_2aucsh
942 _2ddc
_cBOOK
_n0
949 _aSA-JeALM
_d250727
_uosman123
_n1
999 _c12285
_d12285